The last night of the Yankee dynasty : (Record no. 126983)
[ view plain ]
| 000 -LEADER | |
|---|---|
| campo de control de longitud fija | 02706cam a2200457 a 4500 |
| 001 - NÚMERO DE CONTROL | |
| campo de control | 13797163 |
| 003 - IDENTIFICADOR DE NÚMERO DE CONTROL | |
| campo de control | BJBSDDR |
| 005 - FECHA Y HORA DE LA ÚLTIMA TRANSACCIÓN | |
| campo de control | 20260430190114.0 |
| 006 - CÓDIGOS DE INFORMACIÓN DE LONGITUD FIJA--CARACTERÍSTICAS DEL MATERIAL ADICIONAL | |
| campo de control de longitud fija | a|||||r|||| 00| 0 |
| 007 - CAMPO FIJO DE DESCRIPCIÓN FÍSICA--INFORMACIÓN GENERAL | |
| campo de control de longitud fija | ta |
| 008 - DATOS DE LONGITUD FIJA--INFORMACIÓN GENERAL | |
| campo de control de longitud fija | 041123s2004 nyuaf rb 001 0 eng d |
| 010 ## - NÚMERO DE CONTROL DE LA BIBLIOTECA DEL CONGRESO | |
| Número de control de LC | 2004304521 |
| 020 ## - NÚMERO INTERNACIONAL ESTÁNDAR DEL LIBRO | |
| Número Internacional Estándar del Libro | 0060515066 |
| Información calificativa | alk. paper |
| 020 ## - NÚMERO INTERNACIONAL ESTÁNDAR DEL LIBRO | |
| Número Internacional Estándar del Libro | 9780060515065 |
| Información calificativa | (alk. paper) |
| 035 ## - NÚMERO DE CONTROL DEL SISTEMA | |
| Número de control de sistema | 13797163 |
| 035 ## - NÚMERO DE CONTROL DEL SISTEMA | |
| Número de control de sistema | (OCoLC)56204300 |
| 040 ## - FUENTE DE CATALOGACIÓN | |
| Centro catalogador/agencia de origen | BKL |
| Centro/agencia transcriptor | BKL |
| Centro/agencia modificador | WIQ |
| -- | DPL |
| -- | TXA |
| -- | DLC |
| Lengua de catalogación | eng |
| 041 ## - CÓDIGO DE IDIOMA | |
| Código de lengua del texto/banda sonora o título independiente | eng |
| 042 ## - CÓDIGO DE AUTENTICACIÓN | |
| Código de autenticación | lccopycat |
| 043 ## - CÓDIGO DE ÁREA GEOGRÁFICA | |
| Código de área geográfica | n-us-ny |
| 050 00 - SIGNATURA TOPOGRÁFICA DE LA BIBLIOTECA DEL CONGRESO | |
| Número de clasificación | GV875.N4 |
| Número de ítem | O51l 2004 |
| 082 04 - NÚMERO DE LA CLASIFICACIÓN DECIMAL DEWEY | |
| Número de clasificación | 796.357/64/097471 |
| Número de edición | 22 |
| 100 1# - ENTRADA PRINCIPAL--NOMBRE DE PERSONA | |
| Nombre de persona | Olney, Buster., |
| Fechas asociadas al nombre | 1964- |
| 9 (RLIN) | 48247 |
| 245 14 - MENCIÓN DEL TÍTULO | |
| Título | The last night of the Yankee dynasty : |
| Resto del título | the game, the team, and the cost of greatness / |
| Mención de responsabilidad, etc. | Buster Olney. |
| 250 ## - MENCION DE EDICION | |
| Mención de edición | 1st ed. |
| 260 ## - PUBLICACIÓN, DISTRIBUCIÓN, ETC. | |
| Lugar de publicación, distribución, etc. | New York, NY : |
| Nombre del editor, distribuidor, etc. | Ecco, |
| Fecha de publicación, distribución, etc. | c2004. |
| 300 ## - DESCRIPCIÓN FÍSICA | |
| Extensión | 346 pages, [16] p. of plates : |
| Otras características físicas | illustrations ; |
| Dimensiones | 24 cm. |
| 336 ## - TIPO DE CONTENIDO | |
| Término de tipo de contenido | text |
| Código de tipo de contenido | txt |
| Fuente | rdacontent |
| 337 ## - TIPO DE MEDIO | |
| Nombre/término del tipo de medio | unmediated |
| Código del tipo de medio | n |
| Fuente | rdamedia |
| 338 ## - TIPO DE SOPORTE | |
| Nombre/término del tipo de soporte | volume |
| Código del tipo de soporte | nc |
| Fuente | rdacarrier |
| 504 ## - NOTA DE BIBLIOGRAFÍA, ETC. | |
| Nota de bibliografía, etc. | Includes bibliographical references (p. 328-329) and index. |
| 520 ## - RESUMEN, ETC. | |
| Sumario, etc. | For an extraordinary handful of years around the turn of the millennium, the Yankees were baseball's unstoppable force. With four World Series championships in five seasons and a deep bench of legends and comers -- Clemens, Rivera, Williams, Soriano, Jeter, O'Neill -- they dominated the major leagues. For the members of the team, though, baseball Yankees-style was a pressure cooker of anxiety, expectation, and infighting. As the spending and emotion spiraled, careers were made and broken, friendships began and ended, and a sports dynasty rose and fell. In The Last Night of the Yankee Dynasty, Buster Olney tracks the Yankees through these tumultuous seasons and into the scandals and disappointments of 2004, providing insightful portraits of the stars, the foot soldiers, the coaches, the manager, and the Boss himself. With unparalleled knowledge of the game and an insider's familiarity with the team, Olney also advances a compelling argument that the philosophy that made the Yankees great was inherently unsustainable, ultimately harmful to the sport, and led inevitably to that warm autumn night in Arizona -- the last night of the Yankee dynasty. |
| 600 10 - PUNTO DE ACCESO ADICIONAL DE MATERIA--NOMBRE DE PERSONA | |
| Nombre de persona | Steinbrenner, George M. |
| Forma completa/desarrollada del nombre | (George Michael), |
| Fechas asociadas al nombre | 1930-2010. |
| 610 20 - PUNTO DE ACCESO ADICIONAL DE MATERIA--NOMBRE DE ENTIDAD CORPORATIVA | |
| Nombre de entidad corporativa o nombre de jurisdicción como elemento de entrada | New York Yankees (Baseball team) |
| Subdivisión general | Management. |
| 650 #0 - PUNTO DE ACCESO ADICIONAL DE MATERIA--TÉRMINO DE MATERIA | |
| Término de materia o nombre geográfico como elemento de entrada | New York Yankees (Baseball team) |
| Subdivisión general | Finance. |
| 906 ## - ELEMENTOS DE DATOS F LOCAL, LDF (RLIN) | |
| a | 7 |
| b | cbc |
| c | copycat |
| d | 2 |
| e | ncip |
| f | 20 |
| g | y-gencatlg |
| 942 ## - ELEMENTOS DE ENTRADA SECUNDARIOS (KOHA) | |
| Fuente del sistema de clasificación o colocación | Clasificación de Library of Congress |
| Suprimir en OPAC | No |
| Tipo de ítem Koha | Libro |
| 946 ## - PROCESAMIENTO DE INFORMACIÓN LOCAL (OCLC) | |
| Iniciales del agente catalogador | llh |
No items available.
